000 00446nam a2200145Ia 4500
008 201002s9999 xx 000 0 und d
020 _a978-113-884-781-1
100 _aEdited by: Peppler, Kylie, et.al
245 _cEdited by: Kylie Peppler, et.al.
_aMakeology:
_bmakers as learners/
260 _aNew York:
_bRoutledge
_c2016
300 _axiv, 253 pages
_c22 cm.
440 _v2
650 _aMaker movement in education
650 _aMakerspace
999 _c364676
_d364676